Cities Starting With B and Ending In A-Z - Statistics

General Stats
  • This quiz has been taken 49 times
    36 since last reset
  • The average score is 12 of 26
Answer Stats
Country Hint Answer % Correct
Colombia Largest city Bogota A
97%
China 2008 Olympic Host Beijing G
85%
Iraq Home to the country's "Green Zone" Baghdad D
82%
U.K. Where Black Sabbath was formed Birmingham M
82%
France The world's wine capital Bordeaux X
82%
Belgium Where the EU and NATO are headquartered Brussels S
82%
Mali Capital Bamako O
79%
South Korea 2016 film about a train heading to this city during a zombie outbreak Busan N
79%
Kyrgyzstan Home to the Ala-Too Square Bishkek K
76%
U.K. Where the street artist Banksy is from Bristol L
65%
Libya Largest city in Cyrenaica Benghazi I
62%
Hungary "The City of Spas" Budapest T
62%
India Kannada name of Karnataka's capital Bengaluru U
53%
Brazil "Bar capital" Belo Horizonte E
50%
Poland Its German name is "Bromberg" Bydgoszcz Z
35%
U.S.A. Tulsa suburb Broken Arrow W
29%
U.K. Coastal city near the Isle of Wight Bournemouth H
26%
Romania Transylvanian city near Bran Castle Brașov V
26%
U.S.A. Synonym of "hairless handle" Bald Knob B
24%
Canada Lies to the east of Vancouver Burnaby Y
15%
Bosnia & Herzegovina Administrative centre of the Una-Sana Canton Bihać C
9%
Egypt Nile River city that is the capital of its governorate with the same name Beni Suef F
6%
India Capital of Odisha Bhubaneswar R
6%
Denmark Second thing that Skee-Lo wishes + opposite of down Ballerup P
3%
Uzbekistan City in the Fergana Region Beshariq Q
3%
Romania Name of IKEA blue shark plushie - "ah/ha!" Blaj J
0%
No matching quizzes found
Score Distribution
Percent of People with Each Score
Percentile by Number Answered
Your Score History
You have not taken this quiz since the last reset